<?xml version="1.0" encoding="UTF-8"?>
<record
    xmlns:xsi="http://www.w3.org/2001/XMLSchema-instance"
    xsi:schemaLocation="http://www.loc.gov/MARC21/slim http://www.loc.gov/standards/marcxml/schema/MARC21slim.xsd"
    xmlns="http://www.loc.gov/MARC21/slim">

  <leader>03695nam0a22004451  4500</leader>
  <controlfield tag="001">rc\146757</controlfield>
  <controlfield tag="005">20250620205749.0</controlfield>
  <datafield tag="010" ind1=" " ind2=" ">
    <subfield code="a">5-235-01956-7</subfield>
    <subfield code="b">&#x41C;&#x43E;&#x43B;. &#x433;&#x432;&#x430;&#x440;&#x434;&#x438;&#x44F;</subfield>
    <subfield code="9">50000</subfield>
  </datafield>
  <datafield tag="035" ind1=" " ind2=" ">
    <subfield code="a">(NLR Aleph) 005416255</subfield>
  </datafield>
  <datafield tag="090" ind1=" " ind2=" ">
    <subfield code="a">7426831</subfield>
    <subfield code="c">7426831</subfield>
  </datafield>
  <datafield tag="100" ind1=" " ind2=" ">
    <subfield code="a">20030307d1994    |||y0rusy50      ca</subfield>
  </datafield>
  <datafield tag="101" ind1="0" ind2=" ">
    <subfield code="a">rus</subfield>
  </datafield>
  <datafield tag="102" ind1=" " ind2=" ">
    <subfield code="a">RU</subfield>
  </datafield>
  <datafield tag="105" ind1=" " ind2=" ">
    <subfield code="a">a   |||||||||</subfield>
  </datafield>
  <datafield tag="200" ind1="1" ind2=" ">
    <subfield code="a">&#x425;&#x430;&#x440;&#x43E;&#x43D; &#x43E;&#x431;&#x440;&#x430;&#x442;&#x43D;&#x43E; &#x43D;&#x435; &#x43F;&#x435;&#x440;&#x435;&#x432;&#x43E;&#x437;&#x438;&#x442;</subfield>
    <subfield code="e">[&#x424;&#x430;&#x43D;&#x442;&#x430;&#x441;&#x442;. &#x43F;&#x43E;&#x432;&#x435;&#x441;&#x442;&#x438; &#x438; &#x440;&#x430;&#x441;&#x441;&#x43A;&#x430;&#x437;&#x44B;</subfield>
    <subfield code="f">&#x421;&#x43E;&#x441;&#x442;. &#x410;.&#x41D;. &#x41A;&#x430;&#x448;&#x438;&#x440;&#x438;&#x43D;]</subfield>
  </datafield>
  <datafield tag="210" ind1=" " ind2=" ">
    <subfield code="a">&#x41C;.</subfield>
    <subfield code="c">&#x41C;&#x43E;&#x43B;. &#x433;&#x432;&#x430;&#x440;&#x434;&#x438;&#x44F;</subfield>
    <subfield code="a">&#x422;&#x438;&#x440;&#x430;&#x441;&#x43F;&#x43E;&#x43B;&#x44C;</subfield>
    <subfield code="c">&#x412;&#x441;&#x435;&#x441;&#x43E;&#x44E;&#x437;. &#x43E;&#x431;-&#x43D;&#x438;&#x435; &#x43C;&#x43E;&#x43B;&#x43E;&#x434;&#x44B;&#x445; &#x43F;&#x438;&#x441;&#x430;&#x442;&#x435;&#x43B;&#x435;&#x439;-&#x444;&#x430;&#x43D;&#x442;&#x430;&#x441;&#x442;&#x43E;&#x432;</subfield>
    <subfield code="d">1994</subfield>
  </datafield>
  <datafield tag="215" ind1=" " ind2=" ">
    <subfield code="a">477, [2] c.</subfield>
    <subfield code="c">&#x438;&#x43B;.</subfield>
    <subfield code="d">21</subfield>
  </datafield>
  <datafield tag="225" ind1="1" ind2=" ">
    <subfield code="a">&#x424;&#x430;&#x43D;&#x442;&#x430;&#x441;&#x442;&#x438;&#x43A;&#x430;</subfield>
  </datafield>
  <datafield tag="225" ind1="1" ind2=" ">
    <subfield code="a">&#x420;&#x443;&#x43C;&#x431;&#x44B; &#x444;&#x430;&#x43D;&#x442;&#x430;&#x441;&#x442;&#x438;&#x43A;&#x438;</subfield>
  </datafield>
  <datafield tag="327" ind1="1" ind2=" ">
    <subfield code="a">&#x421;&#x43E;&#x434;&#x435;&#x440;&#x436;.: &#x425;&#x430;&#x440;&#x43E;&#x43D; &#x43E;&#x431;&#x440;&#x430;&#x442;&#x43D;&#x43E; &#x43D;&#x435; &#x43F;&#x435;&#x440;&#x435;&#x432;&#x43E;&#x437;&#x438;&#x442; / &#x418;. &#x414;&#x443;&#x431;&#x43E;&#x432;. &#x41C;&#x438;&#x440; &#x43A;&#x440;&#x44B;&#x43B;&#x44C;&#x435;&#x432; / &#x41B;. &#x41A;&#x443;&#x434;&#x440;&#x44F;&#x432;&#x446;&#x435;&#x432;. &#x417;&#x43C;&#x435;&#x439; &#x438;&#x437;-&#x43F;&#x43E;&#x434; &#x43F;&#x440;&#x43E;&#x441;&#x442;&#x440;&#x430;&#x43D;&#x441;&#x442;&#x432;&#x430; / &#x41C;. &#x41F;&#x443;&#x445;&#x43E;&#x432;. &#x421;&#x43B;&#x435;&#x437;&#x44B; &#x43B;&#x44C;&#x434;&#x430; / &#x410;. &#x420;&#x443;&#x431;&#x438;&#x43D;&#x43E;&#x432;. &#x41F;&#x43E;&#x43F;&#x440;&#x430;&#x432;&#x43A;&#x430; &#x43D;&#x430; &#x447;&#x435;&#x43B;&#x43E;&#x432;&#x435;&#x447;&#x43D;&#x43E;&#x441;&#x442;&#x44C; / &#x410;. &#x421;&#x438;&#x43B;&#x435;&#x446;&#x43A;&#x438;&#x439;. &#x41F;&#x440;&#x430;&#x43A;&#x442;&#x438;&#x43A;&#x443;&#x43C; &#x434;&#x43B;&#x44F; &#x43D;&#x430;&#x447;&#x438;&#x43D;&#x430;&#x44E;&#x449;&#x438;&#x445; / &#x412;. &#x422;&#x440;&#x430;&#x43F;&#x435;&#x437;&#x43D;&#x438;&#x43A;&#x43E;&#x432;. &#x41F;&#x43E;&#x441;&#x43B;&#x435;&#x434;&#x43D;&#x438;&#x439; &#x432;&#x43E;&#x43F;&#x440;&#x43E;&#x441; / &#x410;. &#x410;&#x437;&#x438;&#x43C;&#x43E;&#x432;. ...&#x412;&#x441;&#x435; &#x43A;&#x43E;&#x448;&#x43A;&#x438; &#x441;&#x435;&#x440;&#x44B;; &#x41C;&#x44B;&#x448;&#x435;&#x43B;&#x43E;&#x432;&#x43A;&#x430; / &#x42D;. &#x41D;&#x43E;&#x440;&#x442;&#x43E;&#x43D;. &#x421;&#x442;&#x435;&#x43D;&#x44B; / &#x417;. &#x425;&#x435;&#x43D;&#x434;&#x435;&#x440;&#x441;&#x43E;&#x43D;. &#x416;&#x435;&#x440;&#x442;&#x432;&#x430; &#x438;&#x437; &#x43A;&#x43E;&#x441;&#x43C;&#x43E;&#x441;&#x430; / &#x420;. &#x428;&#x435;&#x43A;&#x43B;&#x438;. &#x421;&#x443;&#x431;&#x431;&#x43E;&#x442;&#x43D;&#x438;&#x439; &#x43E;&#x442;&#x434;&#x44B;&#x445; &#x43D;&#x430; &#x431;&#x435;&#x440;&#x435;&#x433;&#x443; &#x43C;&#x43E;&#x440;&#x44F; / &#x41A;. &#x42D;&#x43C;&#x448;&#x432;&#x438;&#x43B;&#x43B;&#x435;&#x440;. &#x412;&#x441;&#x435; &#x43E;&#x431; &#x410;&#x442;&#x43B;&#x430;&#x43D;&#x442;&#x438;&#x434;&#x435; / &#x412;. &#x429;&#x435;&#x440;&#x431;&#x430;&#x43A;&#x43E;&#x432;</subfield>
  </datafield>
  <datafield tag="464" ind1=" " ind2="0">
    <subfield code="1">2001#$a&#x425;&#x430;&#x440;&#x43E;&#x43D; &#x43E;&#x431;&#x440;&#x430;&#x442;&#x43D;&#x43E; &#x43D;&#x435; &#x43F;&#x435;&#x440;&#x435;&#x432;&#x43E;&#x437;&#x438;&#x442;</subfield>
    <subfield code="1">700#1$a&#x414;&#x443;&#x431;&#x43E;&#x432;$b&#x418;.</subfield>
    <subfield code="t">&#x425;&#x430;&#x440;&#x43E;&#x43D; &#x43E;&#x431;&#x440;&#x430;&#x442;&#x43D;&#x43E; &#x43D;&#x435; &#x43F;&#x435;&#x440;&#x435;&#x432;&#x43E;&#x437;&#x438;&#x442;</subfield>
    <subfield code="a">&#x414;&#x443;&#x431;&#x43E;&#x432;, &#x418;.</subfield>
  </datafield>
  <datafield tag="464" ind1=" " ind2="0">
    <subfield code="1">2001#$a&#x41C;&#x438;&#x440; &#x43A;&#x440;&#x44B;&#x43B;&#x44C;&#x435;&#x432;</subfield>
    <subfield code="1">700#1$a&#x41A;&#x443;&#x434;&#x440;&#x44F;&#x432;&#x446;&#x435;&#x432;$b&#x41B;.</subfield>
    <subfield code="t">&#x41C;&#x438;&#x440; &#x43A;&#x440;&#x44B;&#x43B;&#x44C;&#x435;&#x432;</subfield>
    <subfield code="a">&#x41A;&#x443;&#x434;&#x440;&#x44F;&#x432;&#x446;&#x435;&#x432;, &#x41B;.</subfield>
  </datafield>
  <datafield tag="464" ind1=" " ind2="0">
    <subfield code="1">2001#$a&#x417;&#x43C;&#x435;&#x439; &#x438;&#x437;-&#x43F;&#x43E;&#x434; &#x43F;&#x440;&#x43E;&#x441;&#x442;&#x440;&#x430;&#x43D;&#x441;&#x442;&#x432;&#x430;</subfield>
    <subfield code="1">700#1$a&#x41F;&#x443;&#x445;&#x43E;&#x432;$b&#x41C;.</subfield>
    <subfield code="t">&#x417;&#x43C;&#x435;&#x439; &#x438;&#x437;-&#x43F;&#x43E;&#x434; &#x43F;&#x440;&#x43E;&#x441;&#x442;&#x440;&#x430;&#x43D;&#x441;&#x442;&#x432;&#x430;</subfield>
    <subfield code="a">&#x41F;&#x443;&#x445;&#x43E;&#x432;, &#x41C;.</subfield>
  </datafield>
  <datafield tag="464" ind1=" " ind2="0">
    <subfield code="1">2001#$a&#x421;&#x43B;&#x435;&#x437;&#x44B; &#x43B;&#x44C;&#x434;&#x430;</subfield>
    <subfield code="1">700#1$a&#x420;&#x443;&#x431;&#x438;&#x43D;&#x43E;&#x432;$b&#x410;.</subfield>
    <subfield code="t">&#x421;&#x43B;&#x435;&#x437;&#x44B; &#x43B;&#x44C;&#x434;&#x430;</subfield>
    <subfield code="a">&#x420;&#x443;&#x431;&#x438;&#x43D;&#x43E;&#x432;, &#x410;.</subfield>
  </datafield>
  <datafield tag="464" ind1=" " ind2="0">
    <subfield code="1">2001#$a&#x41F;&#x43E;&#x43F;&#x440;&#x430;&#x432;&#x43A;&#x430; &#x43D;&#x430; &#x447;&#x435;&#x43B;&#x43E;&#x432;&#x435;&#x447;&#x43D;&#x43E;&#x441;&#x442;&#x44C;</subfield>
    <subfield code="1">700#1$a&#x421;&#x438;&#x43B;&#x435;&#x446;&#x43A;&#x438;&#x439;$b&#x410;.</subfield>
    <subfield code="t">&#x41F;&#x43E;&#x43F;&#x440;&#x430;&#x432;&#x43A;&#x430; &#x43D;&#x430; &#x447;&#x435;&#x43B;&#x43E;&#x432;&#x435;&#x447;&#x43D;&#x43E;&#x441;&#x442;&#x44C;</subfield>
    <subfield code="a">&#x421;&#x438;&#x43B;&#x435;&#x446;&#x43A;&#x438;&#x439;, &#x410;.</subfield>
  </datafield>
  <datafield tag="464" ind1=" " ind2="0">
    <subfield code="1">2001#$a&#x41F;&#x440;&#x430;&#x43A;&#x442;&#x438;&#x43A;&#x443;&#x43C; &#x434;&#x43B;&#x44F; &#x43D;&#x430;&#x447;&#x438;&#x43D;&#x430;&#x44E;&#x449;&#x438;&#x445;</subfield>
    <subfield code="1">700#1$a&#x422;&#x440;&#x430;&#x43F;&#x435;&#x437;&#x43D;&#x438;&#x43A;&#x43E;&#x432;$b&#x412;.</subfield>
    <subfield code="t">&#x41F;&#x440;&#x430;&#x43A;&#x442;&#x438;&#x43A;&#x443;&#x43C; &#x434;&#x43B;&#x44F; &#x43D;&#x430;&#x447;&#x438;&#x43D;&#x430;&#x44E;&#x449;&#x438;&#x445;</subfield>
    <subfield code="a">&#x422;&#x440;&#x430;&#x43F;&#x435;&#x437;&#x43D;&#x438;&#x43A;&#x43E;&#x432;, &#x412;.</subfield>
  </datafield>
  <datafield tag="464" ind1=" " ind2="0">
    <subfield code="1">2001#$a&#x41F;&#x43E;&#x441;&#x43B;&#x435;&#x434;&#x43D;&#x438;&#x439; &#x432;&#x43E;&#x43F;&#x440;&#x43E;&#x441;</subfield>
    <subfield code="1">700#1$a&#x410;&#x437;&#x438;&#x43C;&#x43E;&#x432;$b&#x410;.</subfield>
    <subfield code="t">&#x41F;&#x43E;&#x441;&#x43B;&#x435;&#x434;&#x43D;&#x438;&#x439; &#x432;&#x43E;&#x43F;&#x440;&#x43E;&#x441;</subfield>
    <subfield code="a">&#x410;&#x437;&#x438;&#x43C;&#x43E;&#x432;, &#x410;.</subfield>
  </datafield>
  <datafield tag="464" ind1=" " ind2="0">
    <subfield code="1">2001#$a&#x88;...&#x89;&#x412;&#x441;&#x435; &#x43A;&#x43E;&#x448;&#x43A;&#x438; &#x441;&#x435;&#x440;&#x44B;</subfield>
    <subfield code="1">700#1$a&#x41D;&#x43E;&#x440;&#x442;&#x43E;&#x43D;$b&#x42D;.$g&#x42D;&#x43D;&#x434;&#x440;&#x44E;$f1912-2005$3RU\NLR\AUTH\779798</subfield>
    <subfield code="t">&#x88;...&#x89;&#x412;&#x441;&#x435; &#x43A;&#x43E;&#x448;&#x43A;&#x438; &#x441;&#x435;&#x440;&#x44B;</subfield>
    <subfield code="a">&#x41D;&#x43E;&#x440;&#x442;&#x43E;&#x43D;, &#x42D;&#x43D;&#x434;&#x440;&#x44E; (1912-2005)</subfield>
  </datafield>
  <datafield tag="464" ind1=" " ind2="0">
    <subfield code="1">2001#$a&#x41C;&#x44B;&#x448;&#x435;&#x43B;&#x43E;&#x432;&#x43A;&#x430;</subfield>
    <subfield code="1">700#1$a&#x41D;&#x43E;&#x440;&#x442;&#x43E;&#x43D;$b&#x42D;.$g&#x42D;&#x43D;&#x434;&#x440;&#x44E;$f1912-2005$3RU\NLR\AUTH\779798</subfield>
    <subfield code="t">&#x41C;&#x44B;&#x448;&#x435;&#x43B;&#x43E;&#x432;&#x43A;&#x430;</subfield>
    <subfield code="a">&#x41D;&#x43E;&#x440;&#x442;&#x43E;&#x43D;, &#x42D;&#x43D;&#x434;&#x440;&#x44E; (1912-2005)</subfield>
  </datafield>
  <datafield tag="464" ind1=" " ind2="0">
    <subfield code="1">2001#$a&#x421;&#x442;&#x435;&#x43D;&#x44B;</subfield>
    <subfield code="1">700#1$a&#x425;&#x435;&#x43D;&#x434;&#x435;&#x440;&#x441;&#x43E;&#x43D;$b&#x417;.</subfield>
    <subfield code="t">&#x421;&#x442;&#x435;&#x43D;&#x44B;</subfield>
    <subfield code="a">&#x425;&#x435;&#x43D;&#x434;&#x435;&#x440;&#x441;&#x43E;&#x43D;, &#x417;.</subfield>
  </datafield>
  <datafield tag="464" ind1=" " ind2="0">
    <subfield code="1">2001#$a&#x416;&#x435;&#x440;&#x442;&#x432;&#x430; &#x438;&#x437; &#x43A;&#x43E;&#x441;&#x43C;&#x43E;&#x441;&#x430;</subfield>
    <subfield code="1">700#1$a&#x428;&#x435;&#x43A;&#x43B;&#x438;$b&#x420;.</subfield>
    <subfield code="t">&#x416;&#x435;&#x440;&#x442;&#x432;&#x430; &#x438;&#x437; &#x43A;&#x43E;&#x441;&#x43C;&#x43E;&#x441;&#x430;</subfield>
    <subfield code="a">&#x428;&#x435;&#x43A;&#x43B;&#x438;, &#x420;.</subfield>
  </datafield>
  <datafield tag="464" ind1=" " ind2="0">
    <subfield code="1">2001#$a&#x421;&#x443;&#x431;&#x431;&#x43E;&#x442;&#x43D;&#x438;&#x439; &#x43E;&#x442;&#x434;&#x44B;&#x445; &#x43D;&#x430; &#x431;&#x435;&#x440;&#x435;&#x433;&#x443; &#x43C;&#x43E;&#x440;&#x44F;</subfield>
    <subfield code="1">700#1$a&#x42D;&#x43C;&#x448;&#x432;&#x438;&#x43B;&#x43B;&#x435;&#x440;$b&#x41A;.</subfield>
    <subfield code="t">&#x421;&#x443;&#x431;&#x431;&#x43E;&#x442;&#x43D;&#x438;&#x439; &#x43E;&#x442;&#x434;&#x44B;&#x445; &#x43D;&#x430; &#x431;&#x435;&#x440;&#x435;&#x433;&#x443; &#x43C;&#x43E;&#x440;&#x44F;</subfield>
    <subfield code="a">&#x42D;&#x43C;&#x448;&#x432;&#x438;&#x43B;&#x43B;&#x435;&#x440;, &#x41A;.</subfield>
  </datafield>
  <datafield tag="464" ind1=" " ind2="0">
    <subfield code="1">2001#$a&#x412;&#x441;&#x435; &#x43E;&#x431; &#x410;&#x442;&#x43B;&#x430;&#x43D;&#x442;&#x438;&#x434;&#x435;</subfield>
    <subfield code="1">700#1$a&#x429;&#x435;&#x440;&#x431;&#x430;&#x43A;&#x43E;&#x432;$b&#x412;.</subfield>
    <subfield code="t">&#x412;&#x441;&#x435; &#x43E;&#x431; &#x410;&#x442;&#x43B;&#x430;&#x43D;&#x442;&#x438;&#x434;&#x435;</subfield>
    <subfield code="a">&#x429;&#x435;&#x440;&#x431;&#x430;&#x43A;&#x43E;&#x432;, &#x412;.</subfield>
  </datafield>
  <datafield tag="702" ind1=" " ind2="1">
    <subfield code="a">&#x41A;&#x430;&#x448;&#x438;&#x440;&#x438;&#x43D;</subfield>
    <subfield code="b">&#x410;.&#x41D;.</subfield>
    <subfield code="4">220</subfield>
  </datafield>
  <datafield tag="801" ind1=" " ind2="0">
    <subfield code="a">RU</subfield>
    <subfield code="b">NLR</subfield>
    <subfield code="g">psbo</subfield>
  </datafield>
  <datafield tag="801" ind1=" " ind2="1">
    <subfield code="a">RU</subfield>
    <subfield code="b">ELAR</subfield>
    <subfield code="2">rusmarc</subfield>
  </datafield>
  <datafield tag="852" ind1=" " ind2=" ">
    <subfield code="a">NLR</subfield>
    <subfield code="j">94-3/145</subfield>
  </datafield>
  <datafield tag="942" ind1=" " ind2=" ">
    <subfield code="c">BOOK</subfield>
  </datafield>
  <datafield tag="980" ind1=" " ind2=" ">
    <subfield code="a">NB</subfield>
  </datafield>
  <datafield tag="995" ind1=" " ind2=" ">
    <subfield code="5">2013-10-26</subfield>
    <subfield code="b">NLR01</subfield>
    <subfield code="c">NLR01</subfield>
    <subfield code="e">RF8</subfield>
    <subfield code="f">5416255-10</subfield>
    <subfield code="k">94-3/145</subfield>
    <subfield code="o">0</subfield>
    <subfield code="r">BOOK</subfield>
    <subfield code="s">943145_</subfield>
  </datafield>
</record>
